Feasibility study to modify super mushshak aircraft to operate from water surface (Record no. 323067)

000 -LEADER
fixed length control field 00380 a2200133 4500
001 - CONTROL NUMBER
control field 87994
082 ## - DEWEY DECIMAL CLASSIFICATION NUMBER
Classification number PR 293
090 ## - LOCALLY ASSIGNED LC-TYPE CALL NUMBER (OCLC); LOCAL CALL NUMBER (RLIN)
-- 41463
-- 41463
100 ## - MAIN ENTRY--PERSONAL NAME
Personal name Wasim Akram; Baber Saeed, Advisor
245 ## - TITLE STATEMENT
Title Feasibility study to modify super mushshak aircraft to operate from water surface
Number of part/section of a work G-68
260 ## - PUBLICATION, DISTRIBUTION, ETC.
Place of publication, distribution, etc. Risalpur
Name of publisher, distributor, etc. NUST
Date of publication, distribution, etc. 2010
300 ## - PHYSICAL DESCRIPTION
Extent 84 p.
500 ## - GENERAL NOTE
General note BE project reports AE
942 ## - ADDED ENTRY ELEMENTS (KOHA)
Institution code [OBSOLETE] CAE NUST
Call number prefix PR 293
Holdings
Withdrawn status Lost status Damaged status Not for loan Collection code Permanent Location Current Location Date acquired Total Checkouts Full call number Barcode Date last seen Price effective from Koha item type
          College of Aeronautical Engineering (CAE) College of Aeronautical Engineering (CAE) 04/03/2017   PR 293 CAEPR-293 04/05/2017 04/05/2017 Book
© 2023 Central Library, National University of Sciences and Technology. All Rights Reserved.